[Event "AUTO-OPEN-3186"]
[Site "http://www.queenalice.com/game.php?id=1255820"]
[Date "2014.2.12"]
[Round "1"]
[White "Benjamin"]
[Black "leo2dipikke"]
[Result "1-0"]
[WhiteElo "1807"]
[BlackElo "1710"]

1. e4 c5 2. Bc4 Nc6 3. Nf3 e5 4. O-O Nf6 5. d3 Be7 6. Ng5 O-O 7. a3 a5 8. f4
exf4 9. Bxf4 d6 10. h3 Ne5 11. Nd2 Nxc4 12. Nxc4 b6 13. Ne3 Nxe4 14. Nxe4 Bb7
15. Nc3 Qd7 16. a4 Rfe8 17. Nb5 Bf6 18. Ra2 Be5 19. Bxe5 Rxe5 20. Nc4 Rg5 21.
Rf3 Bxf3 22. Qxf3 Re8 23. Ra1 Re6 24. Ncxd6 Rf6 25. Qa8+ 1-0

[Event "AUTO-OPEN-3186"]
[Site "http://www.queenalice.com/game.php?id=1255845"]
[Date "2014.2.12"]
[Round "1"]
[White "CCapivara"]
[Black "Benjamin"]
[Result "0-1"]
[WhiteElo "2165"]
[BlackElo "1800"]

1. e4 e5 2. f4 exf4 3. Nf3 Nf6 4. e5 Ne4 5. d4 d6 6. Bd3 Ng5 7. Bxf4 Be7 8. exd6
Nxf3+ 9. Qxf3 Bxd6 10. O-O Bxf4 11. Qxf4 O-O 12. Nd2 Nc6 13. c3 Be6 14. Ne4 Ne7
15. Ng5 Nd5 16. Nxe6 Nxf4 17. Nxd8 Nxd3 18. Nxb7 Rab8 19. Nc5 Nxc5 20. dxc5 Rxb2
21. Rf2 Rb5 22. Rf5 g6 23. Rd5 c6 24. Rd7 a5 25. Rf1 Rxc5 26. Rd3 Kg7 27. Rf2
Re8 28. Kf1 Ree5 29. h3 Red5 30. Rxd5 cxd5 31. Rf3 h5 32. Ke2 Rb5 33. Ke3 Rb2
34. Rf2 Rxf2 35. Kxf2 Kf6 36. Ke3 Ke5 37. a4 h4 38. Kd3 f5 39. Ke3 g5 40. Kd3 g4
41. hxg4 fxg4 42. Ke3 h3 43. gxh3 gxh3 44. Kf3 h2 45. Kg2 h1=Q+ 46. Kxh1 Ke4 47.
Kg2 Kd3 48. Kf3 Kxc3 0-1

[Event "AUTO-OPEN-3186"]
[Site "http://www.queenalice.com/game.php?id=1255846"]
[Date "2014.2.12"]
[Round "1"]
[White "Benjamin"]
[Black "CCapivara"]
[Result "0-1"]
[WhiteElo "1811"]
[BlackElo "2158"]

1. e4 d6 2. d4 Nf6 3. Bd3 e5 4. d5 Be7 5. Nf3 Bg4 6. O-O O-O 7. h3 Bh5 8. Nbd2
Nbd7 9. b4 c6 10. c4 a6 11. Qc2 Rc8 12. Nh4 cxd5 13. Nf5 dxe4 14. Nxe7+ Qxe7 15.
Nxe4 d5 16. Nxf6+ Nxf6 17. c5 e4 18. Be2 Bg6 19. a4 d4 20. Qc4 d3 21. Bd1 a5 22.
Bd2 Qe5 23. Rc1 axb4 24. Qxb4 Rc7 25. Re1 Nd5 26. Qc4 Rfc8 27. Qb5 Nf4 28. Re3
h6 29. g3 Nxh3+ 30. Kg2 Ng5 31. f4 exf3+ 32. Bxf3 Qf5 33. g4 Qd7 34. Qxd7 Rxd7
35. c6 bxc6 36. Rxc6 Rxc6 37. Bxc6 Rc7 38. Be4 Nxe4 39. Rxd3 Rc2 40. a5 Rxd2+
41. Rxd2 Nxd2 42. a6 Be4+ 43. Kf2 Nc4 44. a7 g5 45. Kg3 Kg7 46. Kf2 Kf6 47. Kg3
Ke5 48. Kf2 Kf4 49. Kg1 Kxg4 50. Kh2 Kf3 51. Kg1 g4 52. Kh2 g3+ 0-1

[Event "AUTO-OPEN-3186"]
[Site "http://www.queenalice.com/game.php?id=1255863"]
[Date "2014.2.12"]
[Round "1"]
[White "Benjamin"]
[Black "Nunes"]
[Result "0-1"]
[WhiteElo "1830"]
[BlackElo "1957"]

1. e4 e5 2. Bc4 c6 3. Nf3 d5 4. exd5 cxd5 5. Bb5+ Bd7 6. Bxd7+ Nxd7 7. O-O Be7
8. c3 Ngf6 9. d3 O-O 10. b4 Qc7 11. Bb2 Rfd8 12. Re1 e4 13. Nd4 Ne5 14. Re3 Nxd3
15. Qd2 Rac8 16. Na3 a6 17. f3 Nd7 18. fxe4 dxe4 19. Rxe4 N7e5 20. Rf1 Bf6 21.
Nac2 Nxb2 22. Rxf6 gxf6 23. Qh6 Rxd4 24. Nxd4 Qxc3 25. Ne2 Qe1# 0-1

[Event "AUTO-OPEN-3186"]
[Site "http://www.queenalice.com/game.php?id=1255864"]
[Date "2014.2.12"]
[Round "1"]
[White "Nunes"]
[Black "Benjamin"]
[Result "1-0"]
[WhiteElo "2150"]
[BlackElo "1809"]

1. e4 c5 2. Nf3 d6 3. Bb5+ Bd7 4. Bxd7+ Nxd7 5. O-O e6 6. c4 Qc7 7. Nc3 a6 8. b3
Ngf6 9. Bb2 Be7 10. d4 O-O 11. dxc5 Nxc5 12. Re1 Rad8 13. Qc2 d5 14. exd5 exd5
15. Nxd5 Nxd5 16. cxd5 Rxd5 17. b4 Rc8 18. bxc5 Rxc5 19. Qe4 Re8 20. Rac1 Rxc1
21. Rxc1 Qd6 22. Qxb7 h6 23. h3 Kh7 24. Qe4+ g6 25. Qd4 Qxd4 26. Bxd4 a5 27. Re1
Kg8 28. Bc5 Kf8 29. Rxe7 Rxe7 30. Ne5 Ke8 31. Bxe7 Kxe7 32. Nc6+ Kd6 33. Nxa5
Kc5 34. f4 Kb5 35. Nb3 Kb4 36. Kf2 Ka3 37. Nc1 Kb2 38. g4 Kc3 39. Ke3 Kc4 40.
Ke4 f6 41. h4 1-0

[Event "Challenge"]
[Site "http://www.queenalice.com/game.php?id=1260556"]
[Date "2014.2.27"]
[Round "-"]
[White "ErasmudoPorto"]
[Black "Benjamin"]
[Result "1-0"]
[WhiteElo "1754"]
[BlackElo "1819"]

1. e4 d6 2. d4 e6 3. Nf3 Be7 4. Bd3 Nf6 5. O-O O-O 6. e5 Nd5 7. Nbd2 Nf4 8. Ne4
Nxd3 9. Qxd3 h6 10. Bd2 d5 11. Ng3 c5 12. c3 c4 13. Qc2 Nd7 14. b3 b5 15. Rfb1
Nb6 16. h3 f5 17. exf6 Bxf6 18. Nh5 Bg5 19. Bxg5 hxg5 20. Qg6 Qe7 21. Nxg5 1-0

[Event "Challenge"]
[Site "http://www.queenalice.com/game.php?id=1260557"]
[Date "2014.2.27"]
[Round "-"]
[White "Benjamin"]
[Black "ErasmudoPorto"]
[Result "0-1"]
[WhiteElo "1830"]
[BlackElo "1756"]

1. e4 c5 2. Bc4 e6 3. c3 Nc6 4. Nf3 Nf6 5. d3 Be7 6. O-O O-O 7. d4 Nxe4 8. Nbd2
Nxd2 9. Bxd2 d5 10. Bb3 cxd4 11. cxd4 Qb6 12. Be3 Bd7 13. a3 Rac8 14. Ba2 Bf6
15. Ne5 Bxe5 16. dxe5 Qxb2 17. Bb3 Qxe5 18. Qg4 Qf6 19. Rad1 Ne5 20. Qg3 Bb5 21.
Rfe1 Rc3 22. Rb1 Bd3 23. Rb2 Rfc8 24. h3 Bc4 25. Bxc4 Nxc4 26. Rxb7 Rxa3 27. Rb8
Rxb8 28. Qxb8+ Qd8 0-1

[Event "Challenge"]
[Site "http://www.queenalice.com/game.php?id=1263760"]
[Date "2014.3.10"]
[Round "-"]
[White "Benjamin"]
[Black "INSPETOR"]
[Result "0-1"]
[WhiteElo "1808"]
[BlackElo "2187"]

1. e4 e5 2. Nf3 Nc6 3. Bc4 Bc5 4. O-O Nf6 5. d3 d6 6. c3 O-O 7. b4 Bb6 8. a4 a6
9. a5 Ba7 10. Qb3 Bg4 11. Nbd2 Qe8 12. h3 Be6 13. Ng5 Bxc4 14. Nxc4 h6 15. Nf3
Qe6 16. Qc2 Nxe4 17. dxe4 Qxc4 18. Nd2 Qe2 19. Ra2 Rad8 20. Nf3 Qxc2 21. Rxc2 f6
22. Nh4 d5 23. Ba3 Rfe8 24. Kh2 dxe4 25. Re1 Kf7 26. Rxe4 Rd3 27. Nf5 g6 28.
Nxh6+ Kg7 29. Bc1 f5 30. Rh4 e4 31. Rf4 e3 32. Nxf5+ gxf5 33. Bxe3 Bxe3 34. fxe3
Re5 35. e4 fxe4 36. Rg4+ Kf6 37. Rf4+ Ke6 38. g4 e3 39. Rf1 Kd5 40. c4+ Ke6 41.
Kg2 Nd4 42. Rcc1 e2 43. Rfe1 Nf3 44. Kf2 Nxe1 45. Rxe1 Rxh3 46. Kg2 Rh8 47. Kf3
Rf8+ 48. Kg2 Re4 49. g5 Rg4+ 50. Kh3 Kf5 0-1

[Event "Challenge"]
[Site "http://www.queenalice.com/game.php?id=1268150"]
[Date "2014.3.26"]
[Round "-"]
[White "ray"]
[Black "Benjamin"]
[Result "0-1"]
[WhiteElo "1535"]
[BlackElo "1806"]

1. c4 c5 2. Nc3 e6 3. Nf3 Nf6 4. d4 d5 5. cxd5 Nxd5 6. e4 Nxc3 7. bxc3 Be7 8.
Bc4 O-O 9. O-O a6 10. Be3 b6 11. Qd2 Bb7 12. Qd3 e5 13. d5 Qc7 14. Rfd1 b5 15.
d6 Bxd6 16. Bxf7+ Rxf7 17. Qxd6 Qxd6 18. Rxd6 Nd7 19. Ng5 Re7 20. Rad1 Rd8 21.
Ne6 Rde8 22. Rxd7 Bc6 23. Rxe7 Rxe7 24. Rd8+ Kf7 0-1

[Event "AUTO-ADV-3022"]
[Site "http://www.queenalice.com/game.php?id=1273296"]
[Date "2014.4.14"]
[Round "2"]
[White "jupar"]
[Black "Benjamin"]
[Result "1-0"]
[WhiteElo "2012"]
[BlackElo "1832"]

1. d4 d5 2. c4 dxc4 3. Nc3 e6 4. e4 Nf6 5. Bg5 Be7 6. Bxf6 Bxf6 7. e5 Be7 8.
Bxc4 c6 9. Nf3 b5 10. Bb3 a5 11. a4 b4 12. Ne4 Nd7 13. Rc1 Bb7 14. O-O O-O 15.
Nc5 Nxc5 16. dxc5 Qc7 17. Qe2 Qc8 18. Rfd1 f6 19. h3 f5 20. Rd6 Bxd6 21. exd6
Rf6 22. Ng5 Kh8 23. Re1 h6 24. Nxe6 Qd7 25. Nf4 Ba6 26. Qe7 Ra7 27. Qe8+ Qxe8
28. Rxe8+ Kh7 29. Bg8+ Kh8 30. Bc4+ Kh7 31. Bxa6 g5 32. Re7+ Rf7 33. Rxf7+ Rxf7
34. Bc4 Ra7 35. Ne6 f4 36. b3 Kg6 37. Nc7 Rb7 38. d7 Rb8 39. Ne6 Kf6 40. d8=Q+
1-0

[Event "AUTO-ADV-3022"]
[Site "http://www.queenalice.com/game.php?id=1273297"]
[Date "2014.4.14"]
[Round "2"]
[White "Benjamin"]
[Black "jupar"]
[Result "1-0"]
[WhiteElo "1823"]
[BlackElo "1830"]

1. c4 e6 2. d4 d5 3. c5 Nf6 4. Nc3 c6 5. Nf3 Nbd7 6. e3 Qc7 7. Bd3 Be7 8. O-O e5
9. Nxe5 Nxe5 10. dxe5 Qxe5 11. f4 Qe6 12. f5 Qe5 13. Qf3 O-O 14. Bd2 Ne4 15.
Nxe4 dxe4 16. Bxe4 Bxc5 17. Bc3 Qc7 18. f6 g6 19. Rad1 Bd6 20. g3 Bh3 21. Rf2
Be6 22. h4 Rad8 23. Rg2 Be5 24. Bxe5 Qxe5 25. Rgd2 Rxd2 26. Rxd2 h5 27. Kg2 Bg4
28. Qf4 Re8 29. Qxe5 Rxe5 30. Bf3 Rxe3 31. Bxg4 hxg4 32. Rd8+ Kh7 33. Rf8 Re2+
34. Kf1 Rxb2 35. Rxf7+ Kh6 36. Rf8 g5 37. Rg8 Rxa2 38. f7 Ra1+ 39. Ke2 Ra2+ 40.
Kd1 Ra1+ 41. Kc2 Ra2+ 42. Kb1 Rf2 43. hxg5+ Kh5 44. f8=Q Rxf8 45. Rxf8 Kxg5 46.
Rf7 b5 47. Rxa7 Kf5 48. Kc2 Ke4 49. Rf7 c5 50. Kc3 Kd5 51. Rg7 Ke4 52. Rxg4+ Kf3
53. Rg8 Ke4 54. g4 Kd5 55. g5 Ke6 56. Rf8 1-0

[Event "AUTO-ADV-3022"]
[Site "http://www.queenalice.com/game.php?id=1273302"]
[Date "2014.4.14"]
[Round "2"]
[White "Benjamin"]
[Black "brunoparadisi"]
[Result "1-0"]
[WhiteElo "1839"]
[BlackElo "1948"]

1. c4 c6 2. d4 Qa5+ 3. Bd2 Qb6 4. Bc3 d6 5. b3 Nf6 6. Nd2 Nbd7 7. Ngf3 g6 8. e4
Bg7 9. a4 a5 10. Bd3 O-O 11. O-O Qc7 12. Ng5 Nh5 13. g3 Bh6 14. Ndf3 Bg7 15. Nh4
c5 16. Ngf3 b6 17. Qd2 cxd4 18. Nxd4 Nc5 19. Nb5 Qd7 20. Bxg7 Kxg7 21. Bc2 Bb7
22. Rae1 Qg4 23. Kg2 Nf6 24. f3 Qd7 25. Qc3 Rfd8 26. Qe3 Bc8 27. Re2 Qh3+ 28.
Kg1 Qd7 29. Rff2 Qc6 30. Nd4 Qd7 31. e5 Ne8 32. Ndf5+ Kh8 33. Qh6 Ne6 34. Ne3
Kg8 35. Nd5 Rb8 36. f4 Nd4 37. Rd2 Nxc2 38. Rxc2 Bb7 39. f5 Bxd5 40. cxd5 dxe5
41. fxg6 hxg6 42. Nxg6 fxg6 43. Rf8# 1-0

[Event "AUTO-ADV-3022"]
[Site "http://www.queenalice.com/game.php?id=1273303"]
[Date "2014.4.14"]
[Round "2"]
[White "brunoparadisi"]
[Black "Benjamin"]
[Result "1/2-1/2"]
[WhiteElo "1928"]
[BlackElo "1859"]

1. e4 c5 2. Bc4 a6 3. a4 a5 4. Nf3 e6 5. c3 Nc6 6. d4 cxd4 7. cxd4 Bb4+ 8. Bd2
d5 9. exd5 exd5 10. Bb5 Bxd2+ 11. Nbxd2 Nf6 12. O-O O-O 13. b3 Bd7 14. Re1 b6
15. Nf1 Nb4 16. Bxd7 Qxd7 17. Ng3 g6 18. Rc1 Rac8 19. Qd2 Rce8 20. h4 Rxe1+ 21.
Rxe1 Kg7 22. Ne5 Qd6 23. h5 h6 24. Qe2 Re8 25. Kf1 Nd7 26. Nxf7 Rxe2 27. Nxd6
Rxe1+ 28. Kxe1 Nc2+ 29. Kd2 Nxd4 30. Kc3 Ne6 31. hxg6 Kxg6 32. Ngf5 Ndc5 33. f3
d4+ 34. Nxd4 Nxd4 35. Kxd4 Nxb3+ 36. Kc4 Nc5 37. Kb5 Kg5 38. g3 h5 39. Nc4 h4
40. gxh4+ Kxh4 41. Nxb6 Nxa4 42. Kxa4 Kg3 43. Kxa5 Kxf3 44. Kb4 Kg4 1/2-1/2

[Event "AUTO-ADV-3022"]
[Site "http://www.queenalice.com/game.php?id=1273304"]
[Date "2014.4.14"]
[Round "2"]
[White "Benjamin"]
[Black "josebaron"]
[Result "1-0"]
[WhiteElo "1811"]
[BlackElo "1933"]

1. c4 e5 2. e4 Nf6 3. d3 Bb4+ 4. Nd2 O-O 5. a3 Bxd2+ 6. Bxd2 d6 7. Nf3 Bg4 8.
Be2 h6 9. h3 Bh5 10. O-O Nc6 11. b4 Bxf3 12. Bxf3 Nd4 13. Be3 Nxf3+ 14. Qxf3 Nh7
15. Qg3 Kh8 16. f4 exf4 17. Rxf4 Nf6 18. Rh4 Nh7 19. Rf1 f6 20. Qg6 Qe8 21. Qg4
a5 22. b5 b6 23. a4 Ng5 24. Rh5 Qe5 25. h4 Nh3+ 26. gxh3 Rf7 27. Rxe5 dxe5 28.
Qe6 Kg8 29. Rf3 Rf8 30. h5 Kh7 31. Qf5+ Kh8 32. Qg6 Rd7 33. Bxh6 gxh6 34. Qxh6+
Kg8 35. Rg3+ Kf7 36. Rg7+ Ke6 37. Rxd7 Rg8+ 38. Rg7 Rd8 39. Qg6 Rxd3 40. Qe8+
Kd6 41. Qc6# 1-0

[Event "AUTO-ADV-3022"]
[Site "http://www.queenalice.com/game.php?id=1273305"]
[Date "2014.4.14"]
[Round "2"]
[White "josebaron"]
[Black "Benjamin"]
[Result "1-0"]
[WhiteElo "1941"]
[BlackElo "1819"]

1. e4 d6 2. d4 e6 3. Nf3 b6 4. Bb5+ c6 5. Be2 Nf6 6. e5 Nd5 7. c4 Ne7 8. Bg5 h6
9. Bxe7 Bxe7 10. O-O d5 11. cxd5 cxd5 12. Bb5+ Nd7 13. Bxd7+ Bxd7 14. Nc3 O-O
15. a4 a6 16. h3 f6 17. Kh1 f5 18. Ne2 b5 19. b3 a5 20. Nc3 Bb4 21. Nxb5 Bxb5
22. axb5 Qb6 23. Qd3 Rac8 24. Rfc1 Rc7 25. Rxc7 Qxc7 26. Qd1 Rf7 27. Rc1 Qb7 28.
Rc6 Re7 29. Qc2 Qxb5 30. Rc8+ Kh7 31. Nh4 g6 32. Kh2 g5 33. Nxf5 exf5 34. Qxf5+
Kg7 35. Qf6+ 1-0

[Event "Challenge"]
[Site "http://www.queenalice.com/game.php?id=1304020"]
[Date "2014.8.25"]
[Round "-"]
[White "jorm"]
[Black "Benjamin"]
[Result "1/2-1/2"]
[WhiteElo "1923"]
[BlackElo "1862"]

1. e4 d6 2. Bc4 a6 3. d3 b5 4. Bb3 a5 5. a3 e6 6. a4 b4 7. Be3 e5 8. Nf3 Nf6 9.
h3 Be7 10. c3 c5 11. Bc4 O-O 12. b3 Nbd7 13. cxb4 axb4 14. g4 Nb6 15. Bb5 Ne8
16. g5 Nc7 17. Bc6 Ra7 18. Nbd2 Nd7 19. a5 Nb8 20. Bd5 Nxd5 21. exd5 Rxa5 22.
Ne4 Bb7 23. h4 Rxa1 24. Qxa1 Bxd5 25. Qb1 Qd7 26. Ke2 Nc6 27. h5 Nd4+ 28. Bxd4
cxd4 29. Nf6+ Bxf6 30. gxf6 Bxf3+ 31. Kxf3 Qf5+ 32. Ke2 Qxf6 33. Qc1 Qe6 34. Rg1
Rc8 35. Qg5 g6 36. Rb1 f6 37. Qg3 g5 38. h6 Qf5 39. Kf1 Rc3 40. Rd1 Rxb3 41. Qg2
Kf7 42. Qb7+ Kg6 43. Qg7+ Kh5 44. Qf7+ Kxh6 45. Qxb3 Qf3 46. Re1 g4 47. Kg1 g3
48. fxg3 Qxg3+ 49. Kf1 Qf3+ 50. Kg1 Qg3+ 51. Kf1 Qf3+ 52. Kg1 Qg3+ 1/2-1/2

[Event "Challenge"]
[Site "http://www.queenalice.com/game.php?id=1327153"]
[Date "2014.12.10"]
[Round "-"]
[White "Benjamin"]
[Black "Karjaking"]
[Result "0-1"]
[WhiteElo "1818"]
[BlackElo "1918"]

1. e4 c6 2. d4 d5 3. e5 Bf5 4. Bd3 Qd7 5. Bxf5 Qxf5 6. Be3 Nd7 7. Nf3 e6 8. O-O
h5 9. Nh4 Qe4 10. g3 g5 11. Bxg5 Be7 12. Re1 Qg4 13. f3 Qxg5 14. Re2 Nh6 15. Qf1
Rg8 16. f4 Qxh4 17. Nd2 Nf5 18. Nf3 Qg4 19. Rd1 h4 20. Nxh4 Nxh4 21. Kh1 Nf5 22.
Rd3 Rh8 23. Rg2 Kd8 24. Kg1 Kc7 25. Kf2 Nb6 26. b3 c5 27. Ke1 cxd4 28. c3 Ne3
29. Qf2 Nxg2+ 30. Qxg2 dxc3 31. Rxc3+ Kd7 32. Kf2 Rac8 0-1

[Event "OS INCLIVEIS"]
[Site "http://www.queenalice.com/game.php?id=1328387"]
[Date "2014.12.15"]
[Round "-"]
[White "adelio"]
[Black "Benjamin"]
[Result "1/2-1/2"]
[WhiteElo "1742"]
[BlackElo "1839"]

1. d4 e6 2. c4 d5 3. a3 c6 4. Nc3 Be7 5. e4 dxe4 6. Nxe4 Nf6 7. Nxf6+ Bxf6 8.
Nf3 O-O 9. Be2 b6 10. h4 Bb7 11. h5 c5 12. g4 cxd4 13. g5 Be7 14. Qd3 Nc6 15. g6
fxg6 16. hxg6 h6 17. Bxh6 Bf6 18. Bxg7 Bxg7 19. O-O-O Ne7 20. Ng5 Bxh1 21. Rxh1
Rf6 22. Rh8+ Bxh8 23. Qh3 Nxg6 24. Qh7+ Kf8 25. Qh6+ Ke7 26. Qh7+ Kd6 27. Ne4+
Kc6 28. b4 a6 29. a4 Qe7 30. Qh1 Kc7 31. Nxf6 Rf8 32. Qh2+ Kb7 33. Ne4 e5 34. c5
Nf4 35. Nd6+ Ka7 36. cxb6+ Kxb6 37. Nc4+ Ka7 38. Bf1 Bf6 39. f3 Rc8 40. Qb2 e4
41. Kb1 exf3 42. b5 Qe1+ 43. Qc1 f2 44. b6+ Kb8 45. b7 Rc7 46. Kc2 d3+ 47. Bxd3
Qxc1+ 48. Kxc1 Nxd3+ 49. Kc2 f1=Q 50. Kb3 Qb1+ 51. Ka3 Qb4+ 52. Ka2 Qxa4+ 53.
Kb1 Qxc4 1/2-1/2

[Event "OS INCLIVEIS"]
[Site "http://www.queenalice.com/game.php?id=1328388"]
[Date "2014.12.15"]
[Round "-"]
[White "Benjamin"]
[Black "adelio"]
[Result "1-0"]
[WhiteElo "1806"]
[BlackElo "1694"]

1. e4 a6 2. Nf3 c5 3. Bc4 e6 4. a3 b5 5. Ba2 Nc6 6. O-O Be7 7. c3 d6 8. d4 Ra7
9. b4 c4 10. Be3 h5 11. d5 h4 12. dxc6 Qc7 13. Bxa7 Qxa7 14. Nbd2 e5 15. h3 g5
16. Nh2 Nf6 17. Bb1 g4 18. hxg4 Rg8 19. Kh1 Nxg4 20. Nxg4 Rxg4 21. Ra2 Rxg2 22.
Kxg2 h3+ 23. Kh2 Qb6 24. Qf3 Qxc6 25. Rg1 d5 26. Rg8+ Bf8 27. exd5 Qh6 28. Bf5
Bb7 29. Ne4 Bxd5 30. Rd2 Bxe4 31. Bxe4 Qxd2 32. Qf5 Qf4+ 33. Qxf4 exf4 34. Bb7
Ke7 35. Bxa6 f6 36. Bxb5 Bh6 37. Bxc4 f3 38. Kxh3 Bg5 39. Kg3 Kd6 40. Kxf3 Ke5
41. Rd8 f5 42. a4 Bxd8 43. a5 f4 44. Bb3 Bc7 45. a6 Bb6 46. b5 Kf5 47. Bd5 Ke5
48. c4 Bc5 49. Ke2 Bd4 50. f3 Be3 51. Kd3 Bd4 52. Kc2 Be3 53. Kc3 Bc5 54. Kb3
Kd4 55. Ka4 Bb6 56. Kb4 Ba7 57. Be4 Bb6 58. Ka4 Kxc4 59. Bc6 Kc5 60. Kb3 Ba7 61.
Kc3 Bb8 62. Kd3 Kb6 63. Kd4 Bc7 64. Kd5 Bb8 65. Ke6 Bc7 66. Kd7 Bb8 67. Kc8 Ba7
68. Kd7 Bb8 69. Kc8 Ba7 70. Be8 Kc5 71. Kb7 Bb6 72. a7 Bxa7 73. Kxa7 Kd4 74. b6
Ke3 75. Bh5 Kd4 76. b7 Ke3 77. b8=Q Kf2 78. Qxf4 Kg2 79. Qe4 Kg1 80. f4 Kf2 81.
f5 Kg3 82. Bf3 Kf2 83. f6 Kg1 84. Qc2 Kf1 85. Qe2+ Kg1 86. Qg2# 1-0

[Event "Amigos!!!"]
[Site "http://www.queenalice.com/game.php?id=1333848"]
[Date "2015.1.9"]
[Round "-"]
[White "ErasmudoPorto"]
[Black "Benjamin"]
[Result "1-0"]
[WhiteElo "1809"]
[BlackElo "1835"]

1. d4 d5 2. e3 e6 3. Bd3 Nf6 4. f4 Bd6 5. Nf3 O-O 6. O-O b6 7. Nbd2 c5 8. c3 c4
9. Bc2 Ng4 10. Qe2 Nc6 11. h3 Nf6 12. Ne5 Ne7 13. g4 g6 14. h4 Nd7 15. e4 Nxe5
16. fxe5 Bc7 17. exd5 Nxd5 18. Ne4 f5 19. Bh6 Qxh4 20. Bxf8 Kxf8 21. Rf2 Bb7 22.
Rh2 Qe7 23. Rf1 Kg7 24. gxf5 exf5 25. Qd2 f4 26. Rxf4 Bxe5 27. dxe5 Nxf4 28.
Qxf4 h5 29. Nd6 Rf8 30. Qh6+ Kg8 31. Qxg6+ 1-0

[Event "Challenge"]
[Site "http://www.queenalice.com/game.php?id=1333849"]
[Date "2015.1.9"]
[Round "-"]
[White "Benjamin"]
[Black "ErasmudoPorto"]
[Result "0-1"]
[WhiteElo "1864"]
[BlackElo "1636"]

1. e4 e6 2. d4 d5 3. e5 c5 4. Nf3 Nc6 5. c3 Qb6 6. a4 a5 7. Be3 Qxb2 8. Na3 cxd4
9. Nxd4 Qxc3+ 10. Ke2 Bxa3 11. Nb5 Qb2+ 12. Kf3 Nxe5+ 13. Kg3 Nh6 14. Nxa3 Nf5+
15. Kh3 Qb4 16. f4 Nxe3 17. Bb5+ Ke7 18. fxe5 Nxd1 0-1

[Event "Challenge"]
[Site "http://www.queenalice.com/game.php?id=1334408"]
[Date "2015.1.12"]
[Round "-"]
[White "ORNELAS"]
[Black "Benjamin"]
[Result "0-1"]
[WhiteElo "1605"]
[BlackElo "1818"]

1. Nf3 e6 2. d4 d5 3. Ne5 f6 4. Nf3 Bd6 5. c3 Ne7 6. Be3 O-O 7. Qd2 Nd7 8. Nh4
e5 9. f3 c5 10. dxe5 Nxe5 11. b4 cxb4 12. cxb4 Nc4 13. Qc3 Nxe3 14. Qxe3 Bxb4+
15. Nd2 d4 16. Qb3+ Qd5 17. Qxb4 a5 18. Qxe7 g5 19. g3 Be6 20. Ng2 Rf7 21. Qa3
Re8 22. Qa4 Bd7 23. Qa3 Bc6 24. Ne4 Re6 25. Rd1 a4 26. Kf2 b5 27. Qb4 Re5 28.
Rxd4 Qxa2 29. Nd6 Rd7 30. Kg1 Rxe2 31. Bxe2 Qxe2 32. Rd2 Qxf3 33. Rf2 Qd1+ 34.
Rf1 Qe2 35. Rf2 Qd1+ 36. Rf1 Qe2 37. Rf2 Qd1+ 38. Rf1 Qe2 39. Rf2 Qd1+ 40. Ne1
Rxd6 41. h3 Rd4 42. Kh2 Rxb4 43. Rhf1 a3 44. Rxf6 Rb2+ 45. Kg1 Qd4+ 46. R6f2
Rxf2 47. Rxf2 Qe3 48. Nc2 Qc1+ 49. Rf1 Qxc2 50. Rf2 Qxf2+ 51. Kxf2 a2 52. Ke3
a1=Q 53. g4 b4 54. Kf2 b3 55. Kg3 b2 56. h4 b1=Q 57. hxg5 Qe5+ 58. Kf2 Qbe1# 0-1

[Event "Mais duas..."]
[Site "http://www.queenalice.com/game.php?id=1340071"]
[Date "2015.2.7"]
[Round "-"]
[White "ErasmudoPorto"]
[Black "Benjamin"]
[Result "1-0"]
[WhiteElo "2074"]
[BlackElo "1825"]

1. e4 d6 2. d4 e6 3. c4 c6 4. Bd3 Be7 5. Nc3 Nd7 6. Nf3 Ngf6 7. O-O O-O 8. Re1
e5 9. h3 b6 10. Bd2 a5 11. d5 Nc5 12. Bc2 Bb7 13. Nh2 Qc7 14. f4 Nh5 15. Qxh5
cxd5 16. exd5 g6 17. Qf3 Bf6 18. Ng4 Bg7 19. f5 Bc8 20. Nh6+ Kh8 21. f6 Bxh6 22.
Bxh6 Rg8 23. Rf1 Ra7 24. Nb5 Qb8 25. Bg7+ Rxg7 26. fxg7+ Kxg7 27. Nxa7 Qxa7 28.
Qf6+ 1-0

[Event "Mais duas..."]
[Site "http://www.queenalice.com/game.php?id=1340072"]
[Date "2015.2.7"]
[Round "-"]
[White "Benjamin"]
[Black "ErasmudoPorto"]
[Result "0-1"]
[WhiteElo "1819"]
[BlackElo "2144"]

1. d4 d5 2. e3 Bf5 3. Nc3 c6 4. Be2 e6 5. Nf3 Bd6 6. O-O Nf6 7. Nh4 Bg6 8. Nxg6
hxg6 9. f4 Qc7 10. a3 Nbd7 11. b4 g5 12. h3 gxf4 13. exf4 O-O-O 14. Bd3 Nh5 15.
Ne2 f5 16. Ra2 Ndf6 17. Rf3 Ne4 18. Qf1 g5 19. Bxe4 dxe4 20. Rf2 g4 21. Kh2 Rdg8
22. g3 gxh3 23. c4 Nf6 24. c5 Ng4+ 25. Kg1 h2+ 26. Kh1 Be7 27. Rg2 Bf6 28. Nc3
Bxd4 29. Nd1 Qd7 30. Rad2 Qg7 31. Qc4 e5 32. Bb2 Rd8 33. Bxd4 exd4 34. Qe6+ Qd7
35. Qxd7+ Rxd7 36. Rxh2 Nxh2 37. Rxh2 Rxh2+ 38. Kxh2 e3 39. Nb2 d3 40. Kg2 d2
41. Kf1 d1=Q+ 42. Nxd1 Rxd1+ 43. Ke2 Rg1 44. Kxe3 Rxg3+ 45. Kd4 Rxa3 46. Ke5 Rb3
47. Ke6 Rxb4 0-1